|
|
|
|
| LEADER |
01050nab a2200241 i 4500 |
| 001 |
misc61970 |
| 005 |
20230124124856.0 |
| 008 |
230116s1969 hu o 0|| hun d |
| 040 |
|
|
|a SZTE Miscellanea Repozitórium
|b hun
|
| 041 |
|
|
|a hun
|
| 100 |
1 |
|
|a Olajos Terézia
|
| 245 |
1 |
0 |
|a Adalék a (H)ung(a)ri(i) népnév és a késői avarkori etnikum történetéhez
|h [elektronikus dokumentum] /
|c Olajos Terézia
|
| 260 |
|
|
|a Magyar Tudományos Akadémia
|b Budapest
|c 1969
|
| 300 |
|
|
|a 87-90
|c 25 cm
|
| 300 |
|
|
|a [4] p.
|c 25 cm
|
| 490 |
0 |
|
|a Antik Tanulmányok = Studia Antiqua;Antik tanulmányok = Studia Antiqua
|
| 561 |
|
|
|a Németh Gyula hagyaték
|
| 591 |
|
|
|a LOA 2669; NOA 4450; TOR 9647/63551; XKEK 1443; XKEK 1444
|
| 650 |
|
4 |
|a Bölcsészettudományok
|
| 650 |
|
4 |
|a Történettudomány és régészet
|
| 650 |
|
4 |
|a Nyelvek és irodalom
|
| 695 |
|
|
|a Népnév - magyar - keleti frank forrás - 9. sz., Névkutatás - magyar, Őstörténet - magyar
|
| 856 |
4 |
0 |
|u http://misc.bibl.u-szeged.hu/61970/1/4450_noa.pdf
|z Dokumentum-elérés
|